000
00196 a2200097 4500
001
63339
090
_c
37383
_d
37383
100
_a
Ganesan,V
245
_a
Gas Turbines
260
_a
ND
_b
Tata McGraw-Hill
_c
2004
942
_a
NUST-CAE
999
_c
298412
_d
298412